Biblioteka Instytutu Północnego w Olsztynie

Komuniści i Watykan : (Rekord nr 27475)

Szczegóły MARC
000 -Nagłówek
fixed length control field 02552cam a2200565 i 4500
001 - Nr kontrolny bibl., która utworzyła rek.
control field xx004654541
003 - Siglum bibl., której nr kontr. jest w 001
control field NUKAT
005 - Data i czas ostatniej operacji
control field 20260408132650.0
008 - Elementy pola stałej długości
fixed length control field 190702s2019 pl |001 0 pol c
020 ## - ISBN
ISBN 9788380985469
dopowiedzenie (oprawa miękka) :
warunki dostępności zł 45,00
035 ## - Systemowy numer kontrolny
systemowy numer kontrolny (OCoLC)1111748036
035 ## - Systemowy numer kontrolny
systemowy numer kontrolny (NUKAT)xx004654541
040 ## - Instytucja sporządzająca opis
Instytucja, która sporządziła opis KAT U/MP
język katalgowania-trzyzn. kod pol
zasady opisu rda
Instytucja, która sporządziła rekord KAT U/MPs
Instytucja, która zmodyfikowała rekord KAT U/MP
-- GD PAN/JMS
-- WR O/KP
-- WA 14/ABs
-- OLSZT 008/bak
041 0# - Kod nazwy języka dokumentu
Język tekstu pol
Język streszczeń eng
045 2# - Okres czasu dla zawartości
czas między r. 9999 pne a nasz. czas. d1945
-- d1974
046 ## - Kod rodz. daty, data1, data2 (daty pne)
Begin/single date 2019
100 1# - Hasło główne-nazwa osobowa
Nazwa osobowa Kucharski, Wojciech
Daty biograficzne (1978- ).
rodzaj współpracy Autor
9 (RLIN) 17899
245 10 - Tytuł właściwy i oznaczenie odpow.
tytuł Komuniści i Watykan :
dodatek do tytułu polityka komunistycznej Polski wobec Stolicy Apostolskiej 1945-1974 /
dod. inf. ze s. tyt./ozn. odpow. Wojciech Kucharski ; Instytut Pamięci Narodowej. Komisja Ścigania Zbrodni przeciwko Narodowi Polskiemu.
246 30 - Inne formy tytułu, wariant tytułu
tytuł Polityka komunistycznej Polski wobec Stolicy Apostolskiej 1945-1974
260 ## - Adres wydawniczy
miejsce wydania, dystrybucji itp. Warszawa :
nazwa wydawcy, dystrybutora itp. Instytut Pamięci Narodowej - Komisja Ścigania Zbrodni przeciwko Narodowi Polskiemu,
data wydania, dystrybucji itp. 2019.
300 ## - Opis fizyczny
objętość i/lub forma materiału 527, [1] strona ;
format 24 cm.
336 ## - Content Type
Term Tekst
Code txt
Source rdacontent
337 ## - Media Type
Term Bez urządzenia pośredniczącego
Code n
Source rdamedia
338 ## - Carrier Type
Term Wolumin
Code nc
Source rdacarrier
380 ## - Form of work
Form of work Książki
380 ## - Form of work
Form of work Publikacje naukowe
388 1# - TIME PERIOD OF CREATION
Time period of creation term 2001-
490 1# - Tytuł serii i ks. wielotom.-nie do wysz.
oznaczenie serii Centralny Projekt Badawczy IPN - Władze Komunistyczne wobec Kościołów i Związków Wyznaniowych w Polsce 1944-1989
504 ## - Uwaga o bibliografii
uwaga o bibliografii Bibliografia na stronach 493-512. Indeks.
546 ## - Uwaga o języku opisywanego materiału
uwaga o języku Streszczenie angielskie.
610 27 - Hasło przedmiotowe-nazwa ciała zbior.
nazwa ciała zbior. lub geogr. Kościół katolicki
źródło hasła DBN
9 (RLIN) 37102
610 27 - Hasło przedmiotowe-nazwa ciała zbior.
nazwa ciała zbior. lub geogr. PZPR
źródło hasła DBN
9 (RLIN) 37438
648 #7 - SUBJECT ADDED ENTRY--CHRONOLOGICAL TERM
Chronological term 1901-2000
Source of heading or term DBN
9 (RLIN) 34996
648 #7 - SUBJECT ADDED ENTRY--CHRONOLOGICAL TERM
Chronological term 1945-1989
Source of heading or term DBN
9 (RLIN) 36043
650 #7 - Hasło przedmiotowe-nazwa pospolita
nazwa pospolita lub geogr. Polityka wyznaniowa
źródło hasła DBN
9 (RLIN) 37432
650 #7 - Hasło przedmiotowe-nazwa pospolita
nazwa pospolita lub geogr. Polityka zagraniczna
źródło hasła DBN
9 (RLIN) 35703
650 #7 - Hasło przedmiotowe-nazwa pospolita
nazwa pospolita lub geogr. PRL
źródło hasła DBN
9 (RLIN) 35084
650 #7 - Hasło przedmiotowe-nazwa pospolita
nazwa pospolita lub geogr. Kościół katolicki
określnik rzeczowy stosunki zagraniczne
określnik geograficzny Polska
określnik chronologiczny 1945-1970.
źródło hasła kaba
9 (RLIN) 39656
650 #7 - Hasło przedmiotowe-nazwa pospolita
nazwa pospolita lub geogr. Kościół i państwo
określnik geograficzny Polska
określnik chronologiczny 1945-1970.
źródło hasła kaba
9 (RLIN) 39657
650 #7 - Hasło przedmiotowe-nazwa pospolita
nazwa pospolita lub geogr. Kościół i państwo
określnik rzeczowy Kościół katolicki
określnik chronologiczny 1945-1970.
źródło hasła kaba
9 (RLIN) 39658
651 #7 - Hasło przedmiotowe-nazwa geogr.
nazwa geograficzna Polska
źródło hasła DBN
9 (RLIN) 35076
651 #7 - Hasło przedmiotowe-nazwa geogr.
nazwa geograficzna Watykan
źródło hasła DBN
9 (RLIN) 39441
651 #7 - Hasło przedmiotowe-nazwa geogr.
nazwa geograficzna Polska
określnik rzeczowy stosunki zagraniczne
-- Kościół katolicki
określnik chronologiczny 1945-1970.
źródło hasła kaba
9 (RLIN) 39659
655 #7 - Termin określający rodzaj/formę
rodzaj/forma Synteza
źródło terminu DBN
9 (RLIN) 39660
658 ## - Nazwa określająca cel programu nauczania
główny cel programu nauczania Historia
710 2# - Hasło dodatkowe - nazwa ciała zbior.
nazwa ciała zbior. lub nazwa geogr. Instytut Pamięci Narodowej - Komisja Ścigania Zbrodni przeciwko Narodowi Polskiemu.
rodzaj współpracy Wydawca
kod rodzaju współpracy pbl
9 (RLIN) 11792
830 #0 - Hasło dod. serii i op. ks. wielotom. -tyt
tytuł Władze Komunistyczne wobec Kościołów i Związków Wyznaniowych w Polsce 1944-1989
9 (RLIN) 18363
920 ## - ISBN
ISBN 978-83-8098-546-9 (oprawa miękka) : zł 45,00
942 ## - ADDED ENTRY ELEMENTS (KOHA)
Source of classification or shelving scheme Dewey Decimal Classification
Koha item type pozycje dostępne na miejscu
Egzemplarze
Status wycofania Status zagubienia Klasyfikacja Status uszkodzenia Blokada wypożyczeń Kolekcja Lokalizacja macierzysta Lokalizacja bieżąca Data nabycia Numer akcesji Źródło akcesji Cena Nr inwentarzowy il. wypożyczeń Sygnatura Kod kreskowy Date last seen Price effective from Typ egz.
    Dewey Decimal Classification nieuszkodzona   książka w magazynie Biblioteka Instytutu Północnego w Olsztynie Biblioteka Instytutu Północnego w Olsztynie 25/11/2019 D-38/2019 dar 45.00 59859   59859 IPWK21558 08/04/2026 08/04/2026 pozycje dostępne na miejscu
Biblioteka Instytutu Północnego, ul. Partyzantów 87, 10-402 Olsztyn, email: biblioteka(at)ip.olsztyn.pl